Board of Trade: (Record no. 76696)
[ view plain ]
| 000 -LEADER | |
|---|---|
| fixed length control field | 00701cam a22002411 4500 |
| 001 - CONTROL NUMBER | |
| control field | sa 67007619 |
| 003 - CONTROL NUMBER IDENTIFIER | |
| control field | DLC |
| 005 - DATE AND TIME OF LATEST TRANSACTION | |
| control field | 20260227112417.0 |
| 008 - FIXED-LENGTH DATA ELEMENTS--GENERAL INFORMATION | |
| fixed length control field | 861224m19669999ii f000 0 eng |
| 010 ## - LIBRARY OF CONGRESS CONTROL NUMBER | |
| LC control number | sa 67007619 |
| 025 ## - OVERSEAS ACQUISITION NUMBER | |
| Overseas acquisition number | PL480:I-E-7818 |
| 035 ## - SYSTEM CONTROL NUMBER | |
| System control number | (OCoLC)15012069 |
| 040 ## - CATALOGING SOURCE | |
| Original cataloging agency | DLC |
| Transcribing agency | WaU |
| Modifying agency | WaU |
| -- | DLC |
| 042 ## - AUTHENTICATION CODE | |
| Authentication code | premarc |
| 043 ## - GEOGRAPHIC AREA CODE | |
| Geographic area code | a-ii |
| 050 00 - LIBRARY OF CONGRESS CALL NUMBER | |
| Classification number | HF1589 |
| Item number | .A532 |
| 082 ## - DEWEY DECIMAL CLASSIFICATION NUMBER | |
| Classification number | 382/.O62/54 |
| 110 1# - MAIN ENTRY--CORPORATE NAME | |
| Corporate name or jurisdiction name as entry element | India. |
| Subordinate unit | Board of Trade. |
| 245 10 - TITLE STATEMENT | |
| Title | Board of Trade: |
| Remainder of title | functions and activities, 1962-66. |
| 260 ## - PUBLICATION, DISTRIBUTION, ETC. | |
| Place of publication, distribution, etc. | New Delhi, |
| Name of publisher, distributor, etc. | Directorate of Commercial Publicity, Ministry of Commerce, Govt. of India |
| Date of publication, distribution, etc. | [1966- |
| 300 ## - PHYSICAL DESCRIPTION | |
| Extent | v. |
| Dimensions | 24 cm. |
| 650 #0 - SUBJECT ADDED ENTRY--TOPICAL TERM | |
| Topical term or geographic name entry element | Foreign trade promotion |
| Geographic subdivision | India. |
No items available.